Wolverhampton Wanderers all-time top scorers - Statistics

General Stats
  • This quiz has been taken 11 times
  • The average score is 3 of 10
Answer Stats
Goals Nationality Player % Correct
50 England Steve Bull
82%
57 Mexico Raúl Jiménez
73%
101 England John Richards
36%
56 England Kenny Hibbitt
27%
52 England Johnny Hancocks
18%
61 Scotland Kenny Miller
9%
65 England Peter Broadbent
9%
62 England Sylvan Ebanks-Blake
9%
83 England Jimmy Murray
0%
53 England Roy Swinbourne
0%
No matching quizzes found
Score Distribution
Percent of People with Each Score
Percentile by Number Answered
Your Score History
You have not taken this quiz